00927nam a2200229 a 450000100060000000300080000600500170001400800410003103500190007204000360009104100080012708200320013510000270016724500850019426000510027930000340033049000730036450400400043765000750047765000710055283000740062372429BD-RjUL20211209082247.0170517s1965 ilua b 000 0 eng d a(BD-RjUL)72647 aDLCcODaWUdOCoLCdBD-RjULbeng aeng 223a333.910097112bSEW 19651 aSewell, W. R. Derrick.10aWater management and floods in the Fraser River Basin /cby W.R. Derrick Sewell. aChicago :bUniversity of Chicago Press,c1965. axii, 163 p. :bill. ;c23 cm.1 aUniversity of Chicago. Dept. of Geography. Research paper ;vno. 100 aIncludes bibliography: (p. 154-163) 0aWater resources developmentzBritish ColumbiazFraser River Watershed. 0aFlood damage preventionzBritish ColumbiazFraser River Watershed. 0aUniversity of Chicago. Dept. of Geography. Research paper ;vno. 100.